000
00299nam a22001337a 4500
008
170608b xxu||||| |||| 00| 0 eng d
020
_a
0876635362
041
_a
eng
080
_2
3RD
_a
94(4)
100
_a
18
101
_a
SHH
245
_a
FROM THE YAROSLAVSKY STATION
_c
POND, E
942
_2
udc
_c
BK
999
_c
16479
_d
16479